Регионална библиотека "Любен Каравелов" - Русе

Самиздат (Запис номер 194404)

MARC детайли
000 -Лидер
Контролно поле с фиксирана дължина 03200nam a2200517 c 4500
003 - Код на организацията, давaща контролен номер
Контролно поле BLK
005 - Дата и час на последна редакция
Контролно поле 20241216112108.0
008 - Елементи от данни с фиксирана дължина
fixed length control field 180411b bul|||||r ||||||| ||bul||
010 ## - Наследен системен номер
LC control number KNG00203632000
020 ## - Международен стандартен номер на книга ISBN
Международен стандартен номер на книга ISBN 978-954-533-160-2
040 ## - Източник на каталожния запис
Идентификатор на билиотеката - собственик на записа BLK
041 ## - Код за език
Код за езика на текст/звукозапис или на отделно заглавие Български
Код за езика КДБФ Български
072 #7 - Код за тематичната категория
Код организация bullib
Код за тематична категория Н8400
Текст Българска поезия Н
072 #7 - Код за тематичната категория
Код организация bullib
Код за тематична категория К
Текст Краезнание
072 #7 - Код за тематичната категория
Код организация bullib
Код за тематична категория РА
Текст Русенски автори
080 ## - УДК
Текстов определител УДК Българска литература
УДК код - определител по УДК 821.163.2
УДК определител -1
УДК - код + определител 821.163.2-1
100 ## - Редна дума - Автор
Автор Тачев, Веселин Кръстев
Дати, свързани с автора 1941-1991
Автор - информация (биография) Поет, журналист. Основател и уредник на литературния музей "Светлоструй" - Щръклево.
Авторска отговорност първи автор
R(LIN) 255232
139 ## - Редно поле
Редна дума Самиздат
Авторски знак Сам - С 16
245 10 - Сведения за заглавието
Заглавие Самиздат
Подзаглавни данни 1963 - 1966
Редно поле (дума) Веселин Тачев; състав. Пламен Иванов Дойнов; * Йордан Трендафилов; * Иван Цанев; * Здравко Крумов Кисьов; * Димитър Вятовски; * Димитър Горсов; * Менча Соколова; * Владимир Попов; * Владимир Стефанов Попов.
257 ## - Страна на издаване
Страна на създаване/издаване България
260 ## - Област на издателските данни
Име на издателя, разпространителя и проч. Кралица МАБ
Година на издаване 2016
300 ## - Физическа характеристика
Страници 232 с.
Размери/Мащаб 20 см
380 ## - Жанр
Жанр Худож. лит.
490 1# - СЕРИИ (Колекции)
Име на серия Колекция Неиздадените
№: серия Кн. 4
500 ## - Общи забележки
Забележка Изд. на НБУ. Департамент Нова българистика. - Други авт.: Йордан Трендафилов, Иван Цанев, Здравко Кисьов, Димитър Вятовски, Димитър Горсов, Менча Соколово, Владимир Попов. - Пълното име на авт. е Иван Цанев Иванов.
653 ## - Ключова дума – ненормативна
Ключова дума стихотворения
659 ## - Тематичен бюлетин
Тематичен бюлетин К
659 ## - Тематичен бюлетин
Тематичен бюлетин Н
700 ## - Други автори (авторска отговорност)
Лично име Дойнов, Пламен Иванов
9 (RLIN) 369012
700 1# - Други автори (авторска отговорност)
Лично име Трендафилов, Йордан
Автороска отговорност (Описва отношението между автора и произведението) *
9 (RLIN) 385305
700 ## - Други автори (авторска отговорност)
Лично име Цанев, Иван
Друга информация Поет. Литературовед. Преводач от гръцки и унгарски език.
Дати, свързани с автора 1941-
Пълна форма на името Иванов, Иван Цанев
9 (RLIN) 364167
700 1# - Други автори (авторска отговорност)
Лично име Кисьов, Здравко Крумов
Дати, свързани с автора 1937-2015
Друга информация Поет. Преводач.
9 (RLIN) 79339
700 ## - Други автори (авторска отговорност)
Лично име Вятовски, Димитър
Звания и думи, свързани с автора поет, писател, журналист, русенец
Дати, свързани с автора 1927-1986
Пълна форма на името Ковачев, Димитър Христов
Автороска отговорност (Описва отношението между автора и произведението) *
9 (RLIN) 491071
700 1# - Други автори (авторска отговорност)
Лично име Горсов, Димитър Панайотов
Дати, свързани с автора 1939-2023
Друга информация Поет. Преводач от руски език. Учител, журналист, член на Съюза на българските писатели.
Автороска отговорност (Описва отношението между автора и произведението) *
9 (RLIN) 55243
700 1# - Други автори (авторска отговорност)
Лично име Соколова, Менча
Автороска отговорност (Описва отношението между автора и произведението) *
9 (RLIN) 385306
700 1# - Други автори (авторска отговорност)
Лично име Попов, Владимир
Автороска отговорност (Описва отношението между автора и произведението) *
9 (RLIN) 369296
700 1# - Други автори (авторска отговорност)
Лично име Попов, Владимир Стефанов
Автороска отговорност (Описва отношението между автора и произведението) *
9 (RLIN) 374984
852 ## - Местоположение
Форматна сигнатура Цб 284811
852 ## - Местоположение
Форматна сигнатура К 821.163.2/С 16
856 4# - Електронен адрес и достъп
Електронен формат pdf - файл
856 4# - Електронен адрес и достъп
Електронен формат pdf - файл
999 ## - СИСТЕМНИ КОНТРОЛНИ НОМЕРА
Koha biblionumber 194404
Koha biblioitemnumber 194404
942 ## - АРТИКУЛИ
Вид на библиотечния материал Книги
Скрит в OPAC Не
Koha issues (borrowed), all copies 5
Периодичен библиозапис Да
944 ## - СЪЗДАВАНЕ И РЕДАКЦИЯ на ЗАПИСА
Създаване/Редакция Създаване
Дата на регистрацията/редакция 21.03.2017
Статус, дата на статуса Кети Илиева
Служител, извършил регистрацията/редакцията 30550
944 ## - СЪЗДАВАНЕ И РЕДАКЦИЯ на ЗАПИСА
Създаване/Редакция Редакция
Дата на регистрацията/редакция 21.04.2017
Статус, дата на статуса ф /
Служител, извършил регистрацията/редакцията Виолета_Тройчева
999 ## - СИСТЕМНИ КОНТРОЛНИ НОМЕРА
Koha biblioitemnumber 194404
Наличности
Код за отписване Код за изгубен артикул Източник на класификационната схема Код за повреда Коз за рестрикции Код за отдаване Артикулен № Име на библиотеката - собственик Име на библиотеката, в която се намира в момента Статус (Текущо местоположение) Дата на вписване в системата Местоположение - отдел Цена в лева Инвентарен номер Систематично азбучна сигнатура Баркод Номер на екземпляра Цена в евро Служебна бележка Служебен тип на артикула
  Не е изгубен Universal Decimal Classification Не е повреден без рестрикции ползва се в читалня 339997 Регионална библиотека "Любен Каравелов" Русе Регионална библиотека "Любен Каравелов" Русе Краезнание 2017-03-22 Краезнание 18.00 120000809254 К 821.163.2/С 16 120000809254 1 9.20 Дост: DA Вид: А N: 11 Дата: 22.03.2017 Дата инв: 07.11.2017 Бележки инв: К2017 Книги
  Не е изгубен   Не е повреден без рестрикции заемане за дома 339998 Регионална библиотека "Любен Каравелов" Русе Регионална библиотека "Любен Каравелов" Русе Заемна - подръчен фонд 2017-03-22 Заемна - подръчен фонд 18.00 120000809258 П 886.7-1/С 16 120000809258 2 9.20 Дост: DA Вид: А N: 11 Дата: 22.03.2017 Дата инв: 15.02.2018 Бележки инв: П2018 Книги
  Не е изгубен Universal Decimal Classification Не е повреден без рестрикции заемане за дома 752196 Регионална библиотека "Любен Каравелов" Русе Регионална библиотека "Любен Каравелов" Русе Дубликат 2019-12-12 Заемна - подръчен фонд 7.00   П 886.7-1/С 16 120000840196   3.58   Книги
Vip Innovations Ltd, Rousse, Bulgaria 2025